Statystyki dla 15 najbardziej dotkniętych krajów Covid-19 - 21 czerwca

Kliknij tutaj aby rozwiązać quiz!

Ogólne statystyki

  • Ten quiz został rozwiązany 27 razy
  • Średni wynik to 10 z 27

Statystyki odpowiedzi

kraj% Poprawnych
Stany Zjednoczone
96%
Francja
80%
Rosja
80%
Hiszpania
76%
Włochy
76%
Niemcy
72%
Brazylia
64%
Wielka Brytania
64%
Indie
60%
Szwecja
40%
Meksyk
36%
Turcja
32%
Belgia
28%
Iran
24%
Pakistan
24%
Chile
20%
Chile
20%
Irlandia
20%
Białoruś
16%
Katar
12%
Kuwejt
12%
Peru
12%
Armenia
8%
Bahrajn
8%
Oman
8%
Panama
8%
Singapur
8%

Rozkład punktacji

Percentyl według liczby udzielonych odpowiedzi

Procent ludzi z każdym wynikiem

Twoja historia wyników

Nie rozwiązałeś tego quizu